000 01158nam a22003017a 4500
999 _c14095
_d14095
003 MIRAKIL
005 20201012130413.0
008 201012b tu ||||| |||| 00| 0 tur d
020 _a9757336440 (t.k.)
020 _a9757336459 (1 c.)
040 _aTR-AnCHP
_cTR-AnCHP
041 _atur
082 _a956.101543
_bA76b 2005
100 _aAspinall-Oglander, C. F.
245 1 0 _aBüyük harbin tarihi Çanakkale Gelibolu askeri harekâtı :
_bseferin başlangıcından 1915 Mayısına kadar /
_cC.F. Aspinall-Oglander ; yayına hazırlayan: Metin Martı.
246 _aseferin başlangıcından 1915 Mayısına kadar
250 _a2 bs.
260 _aİstanbul:
_bArma yayınları,
_c2005.
300 _a513 s.:
_bhrt.;
_c19 sm.
490 0 _aArma yayınları;
_aTarih/Anı;
_v53.
_v27.
504 _aBibliyografik bilgi içerir.
650 0 _95657
_aBirinci Dünya savaşı
_xTarih
_y1914-1918
_zTürkiye
650 0 _95121
_aÇanakkale savaşı
_xTarih
_y1915
_zTürkiye
651 0 _96545
_aÇanakkale (Türkiye)
_xTarih
700 _96544
_aMartı, Metin
_eyay.haz.
740 _aseferin başlangıcından 1915 Mayısına kadar
942 _2ddc
_cBKS